[Event "Iasi Sadoveanu Memorial"]
[Site "Iasi"]
[Date "2023.08.04"]
[Round "7"]
[White "Paval, George"]
[Black "Mogirzan, Matei Valeriu"]
[Result "1/2-1/2"]
[WhiteElo "2167"]
[BlackElo "1813"]
[PlyCount "49"]
[EventDate "2023.08.01"]
[EventType "swiss"]
[EventRounds "9"]
[EventCountry "ROU"]
[SourceTitle "CBM 215 Extra"]
[Source "ChessBase"]
[SourceDate "2023.09.30"]
[SourceVersion "1"]
[SourceVersionDate "2023.09.30"]
[SourceQuality "1"]

1. d4 c5 2. d5 e5 3. e4 Nf6 4. Nc3 d6 5. Bb5+ Bd7 6. a4 g6 7. Nf3 Bg7 8. Nd2 a6 9. Bxd7+ Nbxd7 10. a5 0-0 11. Nc4 Ne8 12. 0-0 Qe7 13. Be3 f5 14. f3 f4 15. Bf2 h5 16. Rb1 Rc8 17. Na4 g5 18. b4 cxb4 19. Ncb6 Nxb6 20. Nxb6 Rc7 21. Rxb4 g4 22. c4 Qg5 23. Kh1 Rf6 24. Bg1 Rg6 25. c5 1/2-1/2

[Event "ROM-ch"]
[Site "Iasi"]
[Date "2021.04.20"]
[Round "2"]
[White "Paval, George"]
[Black "Deac, Bogdan Daniel"]
[Result "0-1"]
[WhiteElo "2207"]
[BlackElo "2625"]
[PlyCount "88"]
[EventDate "2021.04.19"]
[EventType "swiss"]
[EventRounds "9"]
[EventCountry "ROU"]
[SourceTitle "CBM 202 Extra"]
[Source "ChessBase"]
[SourceDate "2021.07.31"]
[SourceVersion "1"]
[SourceVersionDate "2021.07.31"]
[SourceQuality "1"]

1. d4 g6 2. e4 Bg7 3. Nf3 d6 4. h3 Nf6 5. Nc3 0-0 6. Be2 a6 7. a4 b6 8. 0-0 Nc6 9. Bg5 h6 10. Bh4 g5 11. Bg3 e6 12. e5 dxe5 13. Nxe5 Nxd4 14. Bf3 Ra7 15. Bc6 Nh7 16. Be4 f5 17. Nc6 Nxc6 18. Bxc6 f4 19. Bh2 Qd6 20. Be4 Bxc3 21. bxc3 Nf6 22. Qe2 e5 23. Kh1 Qc5 24. f3 Nxe4 25. fxe4 Be6 26. a5 Qc6 27. Rfd1 b5 28. Qf3 Kg7 29. Rd3 Kg6 30. Rad1 Raa8 31. Bg1 h5 32. Rd5 Bxd5 33. Rxd5 Rae8 34. Bc5 Rf7 35. Qd3 Qf6 36. Kg1 g4 37. hxg4 hxg4 38. Rd7 f3 39. Rxf7 Qxf7 40. Bf2 Rh8 41. Bg3 fxg2 42. Bxe5 Rh3 43. Qe2 Qf3 44. Qxg2 Qd1+ 0-1

[Event "ROM-ch"]
[Site "Iasi"]
[Date "2021.04.20"]
[Round "3"]
[White "Prisacaru, Stefan Emilian"]
[Black "Paval, George"]
[Result "1-0"]
[WhiteElo "1913"]
[BlackElo "2207"]
[PlyCount "89"]
[EventDate "2021.04.19"]
[EventType "swiss"]
[EventRounds "9"]
[EventCountry "ROU"]
[SourceTitle "CBM 202 Extra"]
[Source "ChessBase"]
[SourceDate "2021.07.31"]
[SourceVersion "1"]
[SourceVersionDate "2021.07.31"]
[SourceQuality "1"]

1. g3 Nf6 2. Bg2 g6 3. e4 d6 4. d4 Bg7 5. Ne2 0-0 6. 0-0 a6 7. f4 c5 8. dxc5 dxc5 9. Qxd8 Rxd8 10. Nbc3 Nc6 11. e5 Ng4 12. h3 Nh6 13. Be3 Nd4 14. Bxd4 cxd4 15. Nd5 Bxh3 16. Nxe7+ Kf8 17. Nxg6+ hxg6 18. Bxh3 f6 19. Rad1 Ke7 20. exf6+ Bxf6 21. g4 g5 22. Rde1 Kd6 23. fxg5 Bxg5 24. Nxd4 Re8 25. Nf3 Be3+ 26. Kh1 Kc5 27. g5 Nf7 28. g6 Nd6 29. g7 Bh6 30. g8Q Rxg8 31. Re5+ Kb6 32. Re6 Bf4 33. Nd4 Bg3 34. Nf5 Kc7 35. Nxd6 Bxd6 36. Rf7+ Kc6 37. Bg2+ Rxg2 38. Kxg2 Rg8+ 39. Kf1 Kd5 40. Rh6 Be5 41. Rxb7 Bf4 42. Rxa6 Ke4 43. Rb4+ Kf3 44. Rf6 Rg4 45. Rfxf4+ 1-0

[Event "Romania blitz online op final"]
[Site "Chess.com INT"]
[Date "2020.05.06"]
[Round "3"]
[White "Craciun, Sasha Matei"]
[Black "Paval, George"]
[Result "1-0"]
[WhiteElo "1600"]
[BlackElo "2207"]
[PlyCount "119"]
[EventDate "2020.05.06"]
[EventType "swiss (blitz)"]
[EventRounds "9"]
[EventCountry "ROU"]
[SourceTitle "CBM 196 Extra"]
[Source "ChessBase"]
[SourceDate "2020.07.31"]
[SourceVersion "1"]
[SourceVersionDate "2020.07.31"]
[SourceQuality "1"]

1. e4 c6 2. d4 d5 3. exd5 cxd5 4. Bd3 Nc6 5. Nf3 Bg4 6. c3 e6 7. Bf4 Bd6 8. Bxd6 Qxd6 9. Nbd2 Nf6 10. 0-0 0-0 11. Qc2 Rac8 12. a3 a6 13. Rfe1 Bh5 14. Qb3 b5 15. Ne5 Bg6 16. Bxg6 hxg6 17. a4 Na5 18. Qa3 Qxa3 19. Rxa3 Nc4 20. Ndxc4 bxc4 21. b4 cxb3 22. Rxb3 Ne4 23. Rc1 Rc7 24. f3 Nd6 25. Nd3 Nc4 26. Nc5 a5 27. Kf2 Re8 28. f4 f6 29. Re1 e5 30. fxe5 fxe5 31. Rbb1 e4 32. Re2 Rf8+ 33. Kg1 Rf6 34. Rf2 Rcf7 35. Rbf1 Ne3 36. Rxf6 gxf6 37. Rb1 Nc4 38. Kf2 f5 39. Rb8+ Kg7 40. Ne6+ Kf6 41. Nf4 Rd7 42. Rb5 g5 43. Nxd5+ Kg6 44. Ne3 Nxe3 45. Kxe3 Re7 46. g3 Rc7 47. Rc5 Rb7 48. h4 gxh4 49. gxh4 Rb1 50. d5 Re1+ 51. Kf2 Rd1 52. c4 Kh5 53. d6 Kg4 54. Rd5 Rb1 55. d7 Rb8 56. d8Q Rxd8 57. Rxd8 f4 58. Rg8+ Kf5 59. c5 Ke5 60. h5 1-0

[Event "ROM-chT2"]
[Site "Slanic Moldova"]
[Date "2017.10.05"]
[Round "6.1"]
[White "Paval, George"]
[Black "Tarlev, Konstantin"]
[Result "0-1"]
[WhiteElo "2202"]
[BlackElo "2559"]
[PlyCount "125"]
[EventDate "2017.09.30"]
[EventType "team-tourn"]
[EventRounds "9"]
[EventCountry "ROU"]
[SourceTitle "CBM 181 Extra"]
[Source "ChessBase"]
[SourceDate "2017.12.12"]
[SourceVersion "1"]
[SourceVersionDate "2017.12.12"]
[SourceQuality "1"]
[WhiteTeam "Husi"]
[BlackTeam "Techirghiol Victoria"]
[WhiteTeamCountry "ROU"]
[BlackTeamCountry "ROU"]

1. d4 Nf6 2. c4 e6 3. Nf3 c5 4. g3 cxd4 5. Nxd4 Qc7 6. b3 d5 7. Bg2 dxc4 8. 0-0 a6 9. bxc4 Be7 10. Ba3 0-0 11. Bxe7 Qxe7 12. Qb3 Rd8 13. Rd1 e5 14. Nf3 Rxd1+ 15. Qxd1 Nc6 16. Nc3 Bg4 17. Nd5 Nxd5 18. cxd5 Rd8 19. dxc6 Rxd1+ 20. Rxd1 Bc8 21. Nxe5 g6 22. cxb7 Bxb7 23. Bxb7 Qxb7 24. Nf3 a5 25. h4 a4 26. Rd2 a3 27. Nd4 Qb1+ 28. Kg2 Kg7 29. Nb3 Kf6 30. Rd6+ Ke7 31. Rd2 f6 32. Nd4 Qe4+ 33. Kg1 Qb1+ 34. Kg2 Kf7 35. Nb3 h5 36. Rd7+ Ke8 37. Rd2 g5 38. hxg5 fxg5 39. Nd4 Ke7 40. Nc6+ Ke6 41. Nd4+ Kf6 42. Nb3 Qe4+ 43. f3 Qe3 44. Kf1 Qe5 45. Kf2 h4 46. gxh4 gxh4 47. Kg2 Qg3+ 48. Kh1 Ke5 49. e3 Qxf3+ 50. Kh2 Qg3+ 51. Kh1 Qh3+ 52. Kg1 Qxe3+ 53. Kg2 Qg3+ 54. Kh1 Qh3+ 55. Kg1 Qe3+ 56. Kh2 Ke4 57. Kg2 Qg3+ 58. Kh1 Qe3 59. Rg2 Qh3+ 60. Kg1 Qd7 61. Kh2 Qd1 62. Rg1 Qc2+ 63. Rg2 0-1

[Event "ROM-chT2"]
[Site "Calimanesti"]
[Date "2014.11.09"]
[Round "2.3"]
[White "Suba, Mihai"]
[Black "Paval, George"]
[Result "1/2-1/2"]
[WhiteElo "2341"]
[BlackElo "2208"]
[PlyCount "131"]
[EventDate "2014.11.08"]
[EventType "team-tourn"]
[EventRounds "9"]
[EventCountry "ROU"]
[SourceTitle "CBM 163 Extra"]
[Source "ChessBase"]
[SourceDate "2014.12.23"]
[SourceVersion "1"]
[SourceVersionDate "2014.12.23"]
[SourceQuality "1"]
[WhiteTeam "Brasov CSU"]
[BlackTeam "Arad Vados"]
[WhiteTeamCountry "ROU"]
[BlackTeamCountry "ROU"]

1. c4 c5 2. Nf3 Nc6 3. Nc3 g6 4. e3 Nf6 5. d4 cxd4 6. exd4 d5 7. cxd5 Nxd5 8. Qb3 Nxc3 9. Bc4 Nd5 10. Bxd5 e6 11. Bxc6+ bxc6 12. 0-0 Bg7 13. Bf4 0-0 14. Rfc1 Qd5 15. Qe3 Bb7 16. Rc5 Qd8 17. Bh6 Bxh6 18. Qxh6 Qf6 19. Rac1 Rfd8 20. h4 Rd6 21. R1c4 Rad8 22. Rb4 Ba8 23. Rb3 Qg7 24. Qe3 Rd5 25. Rxd5 cxd5 26. Qf4 f6 27. Rc3 e5 28. dxe5 fxe5 29. Qxe5 Qxe5 30. Nxe5 d4 31. Rc7 Be4 32. Rd7 Rxd7 33. Nxd7 Kf7 34. Nc5 Bd5 35. b3 Ke7 36. f3 Kd6 37. Nd3 a5 38. Kf2 a4 39. bxa4 Bxa2 40. Ke2 Bc4 41. Kd2 Kc7 42. a5 Kc6 43. Nb4+ Kc5 44. Nc2 Bf1 45. g3 Ba6 46. f4 Bc8 47. Ne1 Kd5 48. Nf3 h6 49. h5 gxh5 50. Nh4 Ke4 51. f5 Ke5 52. Ke2 Ba6+ 53. Kd2 Bb7 54. Kc2 Kf6 55. Kd3 Ke5 56. Kc4 Ba6+ 57. Kb4 Bb7 58. Kb3 Bd5+ 59. Kb2 Bb7 60. Kc2 Be4+ 61. Kb2 Bb7 62. Kc1 Kf6 63. Kd2 Ke5 64. Nf3+ Kxf5 65. Nxd4+ Kg4 66. Nb5 1/2-1/2

[Event "Arad op 7th"]
[Site "Arad"]
[Date "2014.08.07"]
[Round "5"]
[White "Paval, George"]
[Black "Doncea, Vladimir"]
[Result "1/2-1/2"]
[WhiteElo "2257"]
[BlackElo "2405"]
[PlyCount "27"]
[EventDate "2014.08.04"]
[EventType "swiss"]
[EventRounds "9"]
[EventCountry "ROU"]
[SourceTitle "CBM 161 Extra"]
[Source "ChessBase"]
[SourceDate "2014.08.29"]
[SourceVersion "1"]
[SourceVersionDate "2014.08.29"]
[SourceQuality "1"]

1. Nf3 c5 2. c4 Nc6 3. g3 g6 4. Bg2 Bg7 5. Nc3 a6 6. a3 Rb8 7. Rb1 b5 8. cxb5 axb5 9. b4 cxb4 10. axb4 d5 11. d4 Bf5 12. Rb2 Be4 13. e3 Nf6 14. Nxe4 1/2-1/2

[Event "ROM-chTA"]
[Site "Olanesti"]
[Date "2012.10.09"]
[Round "4.3"]
[White "Paval, George"]
[Black "Patrascu, Andrei"]
[Result "1-0"]
[WhiteElo "2190"]
[BlackElo "2238"]
[PlyCount "51"]
[EventDate "2012.10.06"]
[EventType "team-tourn"]
[EventRounds "9"]
[EventCountry "ROU"]
[SourceTitle "CBM 150 Extra"]
[Source "ChessBase"]
[SourceDate "2012.10.19"]
[SourceVersion "1"]
[SourceVersionDate "2012.10.19"]
[SourceQuality "1"]
[WhiteTeam "Galati"]
[BlackTeam "Bucharest"]
[WhiteTeamCountry "ROU"]
[BlackTeamCountry "ROU"]

1. Nf3 d5 2. g3 Nf6 3. Bg2 e6 4. c4 c6 5. 0-0 Be7 6. d4 0-0 7. Nc3 b6 8. Ne5 Nfd7 9. cxd5 cxd5 10. Nxd5 exd5 11. Bxd5 Nxe5 12. dxe5 Bh3 13. Bxa8 Bxf1 14. Qxf1 Nd7 15. Bg2 Nxe5 16. Bf4 Qd4 17. b3 Ng6 18. Rd1 Qb2 19. Rd2 Qa3 20. Be3 Rc8 21. Qd1 Nf8 22. Rc2 Rd8 23. Qc1 Ne6 24. Qxa3 Rd1+ 25. Bf1 Bxa3 26. Rc8+ 1-0

[Event "ROM-ch"]
[Site "Sarata Monteoru"]
[Date "2012.02.21"]
[Round "11"]
[White "Paval, George"]
[Black "Dobre, Claudiu Cristian"]
[Result "0-1"]
[WhiteElo "2229"]
[BlackElo "2354"]
[PlyCount "116"]
[EventDate "2012.02.13"]
[EventType "swiss"]
[EventRounds "11"]
[EventCountry "ROU"]
[SourceTitle "CBM 147 Extra"]
[Source "ChessBase"]
[SourceDate "2012.04.24"]
[SourceVersion "1"]
[SourceVersionDate "2012.04.24"]
[SourceQuality "1"]

1. e4 c6 2. d4 d5 3. Nc3 dxe4 4. Nxe4 Bf5 5. Ng3 Bg6 6. Bc4 e6 7. h4 h6 8. N1e2 Nf6 9. Nf4 Bh7 10. Qe2 Nd5 11. c3 Nxf4 12. Bxf4 Bd6 13. Nh5 Bxf4 14. Nxf4 Qf6 15. Nh5 Qg6 16. Kf1 Nd7 17. Re1 0-0-0 18. Nf4 Qc2 19. Bd3 Qxe2+ 20. Rxe2 Bxd3 21. Nxd3 g5 22. Ne5 Nxe5 23. Rxe5 g4 24. Ke2 Rd5 25. Rxd5 cxd5 26. Ke3 h5 27. Kf4 f6 28. Re1 Kd7 29. g3 Rc8 30. f3 Rg8 31. fxg4 Rxg4+ 32. Kf3 f5 33. Re2 Ke7 34. Rg2 Kf6 35. Re2 b5 36. a3 a5 37. Re3 f4 38. gxf4 Rxh4 39. Kg3 Rg4+ 40. Kf3 Rg1 41. Re5 Rh1 42. Kg2 Rb1 43. Re2 b4 44. axb4 axb4 45. cxb4 Rd1 46. Kf3 Rd3+ 47. Re3 Rxd4 48. Re5 Rd3+ 49. Kf2 h4 50. Rh5 h3 51. b5 Rb3 52. b6 Rxb6 53. Kg3 Rb3+ 54. Kg4 d4 55. Rh6+ Kg7 56. Rxe6 Re3 57. Rd6 d3 58. Rd7+ Kf6 0-1

[Event "ROM-ch"]
[Site "Sarata Monteoru"]
[Date "2012.02.17"]
[Round "6"]
[White "Deac, Bogdan Daniel"]
[Black "Paval, George"]
[Result "1/2-1/2"]
[WhiteElo "1795"]
[BlackElo "2229"]
[PlyCount "101"]
[EventDate "2012.02.13"]
[EventType "swiss"]
[EventRounds "11"]
[EventCountry "ROU"]
[SourceTitle "CBM 147 Extra"]
[Source "ChessBase"]
[SourceDate "2012.04.24"]
[SourceVersion "1"]
[SourceVersionDate "2012.04.24"]
[SourceQuality "1"]

1. Nf3 d5 2. d4 Nf6 3. c4 g6 4. g3 Bg7 5. Bg2 0-0 6. 0-0 dxc4 7. Nbd2 a6 8. Nxc4 b5 9. Nfe5 Nd5 10. Na5 e6 11. Nb3 Qe7 12. e4 Nb6 13. Qc2 Na4 14. Nd3 Ra7 15. Be3 Nd7 16. Na5 Bb7 17. d5 Nab6 18. Nc6 Bxc6 19. dxc6 Nf6 20. Bc5 Qd8 21. Bxf8 Qxf8 22. Rad1 h5 23. Nc5 Qe7 24. b3 h4 25. Nd7 Nbxd7 26. cxd7 Nxd7 27. f4 c5 28. e5 hxg3 29. hxg3 Bf8 30. Rf3 Nb6 31. Rfd3 Rc7 32. Rd6 c4 33. Kh2 cxb3 34. Qxb3 Na4 35. Qf3 f5 36. Qa8 Nc5 37. Rc6 Qh7+ 38. Kg1 Rd7 39. Rxd7 Qxd7 40. Rd6 Qf7 41. Rd8 Kg7 42. Qc8 Be7 43. Rd1 g5 44. Rc1 Qh5 45. Qc7 Kf7 46. Rxc5 Qd1+ 47. Kh2 Qh5+ 48. Kg1 Qd1+ 49. Kh2 Qh5+ 50. Kg1 Qd1+ 51. Kh2 1/2-1/2

[Event "ROM-ch"]
[Site "Sarata Monteoru"]
[Date "2012.02.14"]
[Round "2"]
[White "Manolache, Marius"]
[Black "Paval, George"]
[Result "1/2-1/2"]
[WhiteElo "2552"]
[BlackElo "2229"]
[PlyCount "345"]
[EventDate "2012.02.13"]
[EventType "swiss"]
[EventRounds "11"]
[EventCountry "ROU"]
[SourceTitle "CBM 147 Extra"]
[Source "ChessBase"]
[SourceDate "2012.04.24"]
[SourceVersion "1"]
[SourceVersionDate "2012.04.24"]
[SourceQuality "1"]

1. d4 Nf6 2. Bg5 Ne4 3. Bf4 d5 4. e3 c5 5. Bd3 cxd4 6. exd4 Nf6 7. Nc3 a6 8. h3 Nc6 9. Nf3 Nb4 10. 0-0 Nxd3 11. cxd3 e6 12. Qb3 Bd6 13. Be5 0-0 14. Na4 Bxe5 15. dxe5 Nd7 16. d4 b5 17. Nc5 Nxc5 18. dxc5 a5 19. a3 Rb8 20. Rfe1 Qc7 21. Qc2 b4 22. Ng5 g6 23. Nf3 bxa3 24. bxa3 Ba6 25. Qc1 Kg7 26. Nd4 Bc4 27. c6 Qe7 28. Qe3 Rb2 29. Reb1 Rbb8 30. Qc3 Qc7 31. Qe3 Rfc8 32. Qg5 Kg8 33. h4 Bd3 34. Rd1 Ba6 35. h5 Rb2 36. Rab1 Ra2 37. Qf6 Qd8 38. Qxd8+ Rxd8 39. Rb6 Bc8 40. Nb5 Rc2 41. h6 f6 42. exf6 Kf7 43. f4 Kxf6 44. c7 Rd7 45. Nd6 Rdxc7 46. Ne8+ Kf5 47. Nxc7 Rxc7 48. Rd4 g5 49. fxg5 Kxg5 50. Rb5 a4 51. Rb8 Kxh6 52. Rxa4 Kg6 53. Rd4 Rc5 54. Rg4+ Kf6 55. Rg8 Ba6 56. Rb6 Rc1+ 57. Kf2 Rc2+ 58. Ke1 Bd3 59. g4 Ke5 60. Re8 Re2+ 61. Kd1 Kd4 62. Rexe6 Ra2 63. Ke1 Rxa3 64. Kf2 Be4 65. Rf6 Rh3 66. Ra6 h5 67. gxh5 Rxh5 68. Kg3 Rh1 69. Rf2 Rg1+ 70. Kf4 Rd1 71. Ra4+ Kc5 72. Ke5 Re1 73. Ra5+ Kc4 74. Ra4+ Kc5 75. Ra5+ Kc4 76. Rf4 Kc3 77. Ra3+ Kc4 78. Ra5 Kc3 79. Rc5+ Kd3 80. Ra5 Kc3 81. Ra3+ Kb4 82. Rg3 Kc4 83. Rh4 Rf1 84. Rf4 Rh1 85. Rg5 Rh6 86. Rf1 Rh3 87. Rc1+ Kd3 88. Ra1 Kc4 89. Rag1 Rf3 90. Rc1+ Kd3 91. Rd1+ Kc4 92. Rg8 Rf5+ 93. Ke6 Rf2 94. Rc8+ Kb4 95. Ke5 Rh2 96. Kd4 Kb3 97. Rc7 Rg2 98. Ra1 Rd2+ 99. Ke5 Rc2 100. Rb1+ Ka2 101. Rcb7 Re2 102. R1b6 Ka1 103. Rg7 Rh2 104. Kd4 Rd2+ 105. Ke3 Rh2 106. Kd4 Rd2+ 107. Kc3 Rc2+ 108. Kd4 Rd2+ 109. Ke5 Rh2 110. Rg3 Rf2 111. Rc3 Rd2 112. Rb4 Ka2 113. Rc5 Ka1 114. Ra5+ Ra2 115. Rxa2+ Kxa2 116. Kd4 Ka1 117. Kc3 Bb1 118. Rd4 Ba2 119. Kc2 Bb1+ 120. Kc1 Ba2 121. Rd1 Bb1 122. Rxd5 Ba2 123. Rb5 Bf7 124. Rb1+ Ka2 125. Rb7 Bg6 126. Rg7 Bf5 127. Rg5 Bh7 128. Rg2+ Ka1 129. Rb2 Bg8 130. Rb1+ Ka2 131. Rb8 Bf7 132. Ra8+ Kb3 133. Rf8 Bd5 134. Rf2 Be4 135. Rb2+ Ka3 136. Re2 Bg6 137. Kd2 Kb2 138. Re6 Bb1 139. Rb6+ Ka1 140. Kc3 Ba2 141. Rf6 Bb1 142. Kb3 Ba2+ 143. Ka3 Bb1 144. Rf2 Bg6 145. Ra2+ Kb1 146. Rg2 Bf7 147. Rg5 Be6 148. Rg7 Bd5 149. Re7 Bg8 150. Kb4 Ba2 151. Kc3 Ka1 152. Re1+ Bb1 153. Rg1 Ka2 154. Rg2+ Ka1 155. Kb3 Bf5 156. Ra2+ Kb1 157. Ra6 Bc2+ 158. Kc3 Bh7 159. Ra7 Bf5 160. Rg7 Ka1 161. Ra7+ Kb1 162. Rf7 Be4 163. Rf4 Bh7 164. Rg4 Bf5 165. Rg5 Bh7 166. Kb3 Bc2+ 167. Kc3 Be4 168. Kd2 Ka1 169. Ra5+ Kb2 170. Rb5+ Ka1 171. Kc1 Ka2 172. Rg5 Bh7 173. Ra5+ 1/2-1/2

[Event "ROM-ch"]
[Site "Baile Olanesti"]
[Date "2010.02.04"]
[Round "6"]
[White "Paval, George"]
[Black "Anton, Teodor"]
[Result "1/2-1/2"]
[WhiteElo "2168"]
[BlackElo "2347"]
[PlyCount "31"]
[EventDate "2010.01.31"]
[EventType "swiss"]
[EventRounds "9"]
[EventCountry "ROU"]
[SourceTitle "CBM 134 Extra"]
[Source "ChessBase"]
[SourceDate "2010.03.03"]
[SourceVersion "1"]
[SourceVersionDate "2010.03.03"]
[SourceQuality "1"]

1. c4 e5 2. Nc3 d6 3. g3 g6 4. Bg2 Bg7 5. d3 c6 6. e4 Be6 7. Nf3 h6 8. 0-0 a6 9. a4 a5 10. b3 Ne7 11. d4 Na6 12. Be3 0-0 13. Qd2 Kh7 14. Rfd1 Qc7 15. Rac1 Rad8 16. Nd5 1/2-1/2